|
|
|
|
| LEADER |
01129nam a2200229 a 4500 |
| 001 |
2603265 |
| 008 |
100112s1996 ne b 100 0 eng d |
| 010 |
|
|
|a 97120741
|
| 020 |
|
|
|a 9290811528
|
| 040 |
|
|
|a DLC
|c DLC
|
| 082 |
0 |
0 |
|a 307.1/412/091724
|2 21
|
| 245 |
0 |
4 |
|a The role of information for rural development in ACP countries :
|b review and perspectives : proceedings of an international seminar, Montpellier, France, 12-16 June 1995.
|
| 260 |
|
|
|a Wageningen, the Netherlands :
|b Technical Centre for Agricultural and Rural Cooperation,
|c c1996.
|
| 300 |
|
|
|a 207 p. ;
|c 30 cm.
|
| 504 |
|
|
|a Includes bibliographical references.
|
| 541 |
1 |
|
|e 00010828
|
| 650 |
|
0 |
|a Communication in rural development
|z Developing countries
|x Congresses.
|
| 650 |
|
0 |
|a Communication in agriculture
|z Developing countries
|x Congresses.
|
| 710 |
2 |
|
|a Technical Centre for Agricultural and Rural Cooperation (Ede, Netherlands)
|
| 852 |
4 |
|
|a Ayesha Abed Library
|j General shelf
|
| 999 |
|
|
|c 6910
|d 6910
|
| 952 |
|
|
|0 0
|1 0
|2 ddc
|4 0
|6 307_141209172400000_ROL_1996
|7 0
|9 7126
|a BRACUL
|b BRACUL
|c GEN
|d 2010-01-12
|l 0
|o 307.1412091724 ROL
|p 3010010828
|r 2010-01-12
|t 1
|w 2010-01-12
|y BK
|